| 000 | 00666nam a22001817a 4500 | ||
|---|---|---|---|
| 005 | 20231130070942.0 | ||
| 008 | 231130b |||||||| |||| 00| 0 eng d | ||
| 020 | _a0702153664 | ||
| 041 | _aEnglish | ||
| 082 | _a340 SCH | ||
| 100 |
_aScheepers, T _lEnglish |
||
| 245 |
_aA practical guide to Law and Development : _bAn introduction to the Law applicable to development and the developing management processing in South Africa / _cT Scheepers |
||
| 250 | _aFirst Edition | ||
| 260 |
_aCape Town : _bJuta and Company Ltd, _c2000 |
||
| 300 |
_bxix, 383 pages ; _c25,5 cm. |
||
| 650 |
_aLegal practice _bLaw |
||
| 942 |
_cBK _6ALISON_BN_VRIES |
||
| 999 |
_c1071 _d1071 |
||